000 00581nam a22002057a 4500
005 20250904071950.0
008 250904b |||||||| |||| 00| 0 eng d
020 _a9789358497854
040 _aIN-DiNC
_cIN-DiNC
041 _deng
082 _a301.072
_bBHU
100 _aBhuyan, Dilip Kumar
_eauthor
245 _aSociological research methods-II (Major5)/
_cby Dilip Kumar Bhuyan and Arindam Phukan
250 _a1st ed.
260 _aDibrugarh:
_bBanalata,
_c2025.
300 _a272p.
650 _aSocial research
700 _aPhukan, Arindam
_eauthor
942 _2ddc
_cBK
999 _c12228
_d12228